Sports Quiz

Random Sports or Basketball Quiz
Score 0/10 Timer 03:00
0 Plays Today
Total Points Player % Correct
1,683Lebron James
100%
1,616Kobe Bryant
98.5%
1,850Kevin Durant
96.9%
1,558Russell Westbrook
90.8%
1,432Kevin Love
83.1%
1,368Blake Griffin
80%
1,342Dirk Nowitzki
80%
1,245Carmelo Anthony
78.5%
1,239Josh Smith
49.2%
1,260Brandon Jennings
35.4%
Remove Ads.
Support Sporcle.
Get the best of Sporcle when you Go Orange. This ad-free experience offers more features, more stats, and more fun while also helping to support Sporcle. Thank you for becoming a member.

You're not logged in!

Compare scores with friends on all Sporcle quizzes.
OR
Log In

Show Comments

Extras

Top Quizzes Today


Score Distribution

Your Account Isn't Verified!

In order to create a playlist on Sporcle, you need to verify the email address you used during registration. Go to your Sporcle Settings to finish the process.

Report this User

Report this user for behavior that violates our Community Guidelines.

Details: